Greek Gods by Statue - Statistics

General Stats
  • This quiz has been taken 251 times
  • The average score is 11 of 15
Answer Stats
Picture Answer % Correct
Poseidon
98%
Zeus
95%
Athena
90%
Hera
82%
Hades
81%
Hermes
76%
Artemis
75%
Apollo
67%
Aphrodite
65%
Ares
62%
Hephaestus
59%
Demeter
54%
Dionysus
52%
Hestia
52%
Persephone
52%
No matching quizzes found
Score Distribution
Percent of People with Each Score
Percentile by Number Answered
Your Score History
You have not taken this quiz